000 00726nam a22001815i 4500
001 68552
003 ES-MaACL
005 20230906170314.0
007 t|
008 960808s1900 sp ||||1| spa d
040 _aCAM
_bspa
_cCAM
100 1 _aGarrido y Osorio, Manuel.
_955733
245 1 0 _aDiscurso leído en la ... apertura del curso académico de 1900 á 1901 en la Universidad Literaria de Granada [tema: La filosofía griega antes de Sócrates y medios empleados por este para restarurarla] /
_cpor ... Manuel Garrido y Osorio ...
260 _aGranada :
_b[s.n.],
_c1900 (
_fIndalecio Ventura)
300 _a55 p. ;
_c32 cm.
710 2 _aUniversidad Literaria de Granada.
_9153703
852 _aES-MaACL
_jT-1022-F-7
999 _c68552
_d68552